000 01086nam a2200241 a 4500
001 41022
003 BD-RjUL
005 20211209053320.0
008 160514s1960 ii ||||| |||| 00| 0 ben d
035 _a(BD-RjUL)41138
040 _aBD-RjUL
_bben
_cBD-RjUL
041 _aben
082 _223
_a891.441
_bGAD 1960
100 _aগাঙ্গুলি, মানিকরাম
_9126235
245 1 0 _aধর্মমঙ্গল /
_cমানিকরাম গাঙ্গুলি ; বিজিতকুমার দত্ত, সুনন্দা দত্ত সম্পাদিত
260 _aকলিকাতা :
_bকলিকাতা বিশ্ববিদ্যালয়,
_c১৯৬০
300 _a[১৪], ৬৬৫ পৃ. ;
_c২১ সেমি.
650 _aবাংলা কবিতা
_9126236
650 _aBengali Poetry
_9126237
700 _aদত্ত, বিজিতকুমার, সম্পাদিত
_9126238
700 _aদত্ত, সুনন্দা, সম্পাদিত
_9126239
942 _2ddc
_cBK
999 _c41022
_d41022